Statistics for Languages Most Similar to Mandarin

Click here to take the quiz!

General Stats

  • This quiz has been taken 181 times
  • The average score is 5 of 10

Answer Stats

IndexLanguage% Correct
81,5Japanese
98%
82,6Korean
93%
82,0Thai
72%
85,7Lao
61%
83,8Khmer
57%
82,7Burmese
56%
82,4English
28%
85,5French
18%
85,6Turkmen
6%
83,4Malagasy
4%

Score Distribution

Percentile by Number Answered

Percent of People with Each Score

Your Score History

You have not taken this quiz